[Event "AUTO-OPEN-269"]
[Site "http://www.queenalice.com/game.php?id=69085"]
[Date "2006.5.14"]
[Round "1"]
[White "sniper2ss"]
[Black "azumi"]
[Result "1-0"]
[WhiteElo "1755"]
[BlackElo "1564"]

1. d4 d5 2. e3 Bf5 3. c4 Nc6 4. cxd5 Qxd5 5. Nc3 Qe6 6. d5 Qd6 7. dxc6 Qxd1+ 8.
Nxd1 bxc6 9. Nf3 f6 10. Nd4 Bd7 11. Ba6 e5 12. Nb3 Bb4+ 13. Nc3 Ne7 14. O-O Bxc3
15. bxc3 O-O 16. Ba3 Rfe8 17. Rad1 Be6 18. Bxe7 Rxe7 19. Bb7 Rb8 20. Bxc6 Bxb3
21. axb3 Rxb3 22. Bd5+ Kh8 23. Bxb3 a5 24. Rd8+ 1-0

[Event "AUTO-OPEN-269"]
[Site "http://www.queenalice.com/game.php?id=69086"]
[Date "2006.5.14"]
[Round "1"]
[White "azumi"]
[Black "sniper2ss"]
[Result "0-1"]
[WhiteElo "1535"]
[BlackElo "1763"]

1. e4 d5 2. f3 dxe4 3. fxe4 e5 4. Bc4 Qh4+ 5. g3 Qxe4+ 6. Qe2 Qxh1 7. Qxe5+ Ne7
8. d3 Qxg1+ 9. Kd2 Qxh2+ 10. Kc3 c6 11. Bf4 Nd7 12. Qe4 Nc5 13. Qe3 Ne6 14. Nd2
Nxf4 15. gxf4 g6 16. Re1 Bg7+ 17. d4 Qh4 18. Ne4 O-O 19. Nd6 Nd5+ 20. Bxd5 cxd5
21. Qe8 Be6 22. Qb5 Qxe1+ 23. Kb3 Bxd4 24. Ka4 a6 25. Qxb7 Rab8 26. Qxa6 Qb4#
0-1

[Event "Challenge"]
[Site "http://www.queenalice.com/game.php?id=72007"]
[Date "2006.5.26"]
[Round "-"]
[White "l"]
[Black "sniper2ss"]
[Result "0-1"]
[WhiteElo "1292"]
[BlackElo "1743"]

1. e4 d5 2. exd5 Qxd5 3. c4 Qe4+ 4. Ne2 Qxc4 5. d3 Qb4+ 6. Nbc3 Nf6 7. a3 Qd6 8.
Bf4 Qd8 9. Nb5 Na6 10. Qa4 c6 11. Nbd4 Bd7 12. Qb3 Nc5 13. Qc4 e6 14. g3 b5 15.
Qc3 Nd5 16. Nxe6 Bxe6 17. Qd4 Nb3 18. Bg2 Nxd4 19. Nxd4 Nxf4 20. O-O Nxg2 21.
Kxg2 Qxd4 22. Rab1 Bc5 23. b4 Bd5+ 24. f3 Bb6 25. Rbe1+ Be6 26. g4 Qxd3 27. Kg3
Bc7+ 28. Kh4 O-O 29. h3 Qxa3 30. g5 Qxb4+ 31. f4 Bxf4 32. Rg1 Bh2+ 33. Kh5 g6+
34. Kh6 Qh4# 0-1

[Event "Challenge"]
[Site "http://www.queenalice.com/game.php?id=74950"]
[Date "2006.6.7"]
[Round "-"]
[White "sniper2ss"]
[Black "paulove"]
[Result "1-0"]
[WhiteElo "1751"]
[BlackElo "1702"]

1. d4 d5 2. e3 Nf6 3. c4 e6 4. Nf3 Bb4+ 5. Nc3 c6 6. Bd3 dxc4 7. Bxc4 Ne4 8. Bd2
Bxc3 9. bxc3 Nd7 10. O-O O-O 11. Qc2 Nd6 12. Bd3 g6 13. e4 Re8 14. e5 Nf5 15.
Bxf5 exf5 16. Bg5 Qa5 17. Qd2 Re6 18. Bh4 Kg7 19. Ng5 Re8 20. Qe3 Nf8 21. Nf3 h6
22. Bf6+ Kh7 23. Ng5+ Kg8 24. Ne4 Kh7 25. Nd6 Be6 26. Nxe8 Rxe8 27. Qd2 Bd5 28.
Qb2 b5 29. a3 Ne6 30. Qb4 Qc7 31. a4 a5 32. Qd6 Bc4 33. Qxc7 Nxc7 34. Rfc1 Nd5
35. axb5 cxb5 36. Rxa5 Nxf6 37. exf6 Re6 38. Rca1 Rxf6 39. Ra6 Re6 40. Rxe6 fxe6
41. Ra7+ Kg8 42. f4 g5 43. fxg5 hxg5 44. Kf2 Kf8 45. Kg3 Ke8 46. h4 gxh4+ 47.
Kxh4 Bd5 48. g3 Bc6 49. Kg5 Bd5 50. Kf6 Bc4 51. Re7+ Kd8 52. Rxe6 Bxe6 53. Kxe6
1-0

[Event "Challenge"]
[Site "http://www.queenalice.com/game.php?id=78692"]
[Date "2006.6.21"]
[Round "-"]
[White "sniper2ss"]
[Black "lobo"]
[Result "1-0"]
[WhiteElo "1764"]
[BlackElo "1608"]

1. d4 c5 2. d5 d6 3. e3 a6 4. Nf3 Nf6 5. Be2 Nbd7 6. O-O h6 7. Nc3 Nb6 8. e4 Bg4
9. a3 Nbd7 10. b4 Qc7 11. Bb2 c4 12. Nd2 Bxe2 13. Qxe2 b5 14. a4 Qb6 15. axb5
Ne5 16. Nxc4 Qd4 17. Nxe5 Qxe5 18. Rxa6 Rb8 19. Rfa1 e6 20. Ra8 Rxa8 21. Rxa8+
Ke7 22. dxe6 Qxe6 23. Ra7+ Nd7 24. Nd5+ Kd8 25. Ra8+ Nb8 26. Rxb8+ Kd7 27. Qc4
1-0

[Event "Challenge"]
[Site "http://www.queenalice.com/game.php?id=81566"]
[Date "2006.7.1"]
[Round "-"]
[White "joaoreis001"]
[Black "sniper2ss"]
[Result "0-1"]
[WhiteElo "1690"]
[BlackElo "1725"]

1. Nf3 d5 2. d4 e6 3. g3 c5 4. e3 Nf6 5. Nc3 Nc6 6. Bb5 Be7 7. a3 O-O 8. dxc5
Bxc5 9. O-O Bd7 10. Re1 a6 11. Bd3 e5 12. b4 Bb6 13. Ng5 e4 14. Be2 h6 15. Nxd5
hxg5 16. Nxb6 Qxb6 17. c4 Bh3 18. c5 Qc7 19. Bb2 Rad8 20. Qb3 Be6 21. Qc3 Nb8
22. f3 Nbd7 23. Rad1 Qc6 24. f4 g4 25. Rd6 Qc7 26. Bc4 Bxc4 27. Qxc4 b5 28. Qd4
Nh5 29. Rh6 Ndf6 30. Qc3 gxh6 31. c6 Rd3 32. Qe5 Qxe5 33. fxe5 Nd5 34. Re2 Rxe3
35. Rd2 Rd3 36. Rc2 Rd1+ 37. Kf2 e3+ 38. Ke2 Rd2+ 39. Rxd2 exd2 40. Kxd2 Rc8 41.
Bd4 Rxc6 42. Bc5 a5 43. Kd3 axb4 44. axb4 Nb6 45. Ke4 Na4 46. Bd6 Nf6+ 47. Kf5
Nd7 48. Kxg4 Rc4+ 49. Kh5 Kh7 50. g4 Nb2 51. h4 Nd3 52. g5 hxg5 53. hxg5 N3xe5
54. Be7 Nc6 55. Bd6 Nce5 56. Be7 Nf3 57. Bc5 Rh4# 0-1

[Event "Challenge"]
[Site "http://www.queenalice.com/game.php?id=81567"]
[Date "2006.7.1"]
[Round "-"]
[White "sniper2ss"]
[Black "joaoreis001"]
[Result "1-0"]
[WhiteElo "1789"]
[BlackElo "1624"]

1. d4 d5 2. e3 a6 3. c4 c6 4. Nc3 e6 5. Nf3 Nf6 6. Be2 Bb4 7. O-O dxc4 8. Bxc4
b5 9. Bd3 O-O 10. Ne4 Be7 11. a4 Nxe4 12. Bxe4 Bb7 13. axb5 axb5 14. Rxa8 Bxa8
15. Qc2 f6 16. Bxh7+ Kh8 17. Bg6 b4 18. Qb3 f5 19. Qxe6 Rf6 20. Qe5 Rxg6 21.
Qxf5 Qe8 22. Qh5+ Rh6 23. Qxe8+ Kh7 24. Qxe7 Na6 25. Qf8 Bb7 26. Qf5+ Kh8 27.
Ng5 Nc7 28. Qf8# 1-0

[Event "Let's Play Chess!"]
[Site "http://www.queenalice.com/game.php?id=84937"]
[Date "2006.7.12"]
[Round "-"]
[White "masterelmeri"]
[Black "sniper2ss"]
[Result "1-0"]
[WhiteElo "1879"]
[BlackElo "1800"]

1. e4 d5 2. d4 dxe4 3. Nc3 Bf5 4. f3 exf3 5. Nxf3 Nc6 6. d5 Nb4 7. Nd4 Bg6 8.
Bb5+ c6 9. Ba4 Qc7 10. O-O O-O-O 11. Qg4+ f5 12. Nxf5 Qb6+ 13. Nd4+ Kb8 14. Kh1
Nf6 15. Qg3+ Kc8 16. Qh3+ Nd7 17. Ne6 Re8 18. Be3 Qa6 19. Nc5 1-0

[Event "Challenge"]
[Site "http://www.queenalice.com/game.php?id=88027"]
[Date "2006.7.21"]
[Round "-"]
[White "t"]
[Black "sniper2ss"]
[Result "1-0"]
[WhiteElo "1638"]
[BlackElo "1764"]

1. d4 d5 2. c4 c6 3. Nf3 e6 4. Nc3 a6 5. a4 Nf6 6. Bg5 Be7 7. e3 O-O 8. c5 b6 9.
cxb6 Qxb6 10. a5 Qxb2 11. Qc1 Qb4 12. Bd3 Bd8 13. Ra4 Qb3 14. Qc2 Qxc2 15. Bxc2
Nbd7 16. O-O h6 17. Bh4 c5 18. Ne5 cxd4 19. exd4 Bc7 20. Nf3 Bd8 21. Ne5 Bc7 22.
Nf3 Ne8 23. Be7 Ndf6 24. Bxf8 Kxf8 25. h3 Bd7 26. Raa1 Rc8 27. Rfc1 Bf4 28. Ne2
Bxc1 29. Rxc1 Bb5 30. Ng3 Bd3 31. Ne1 Bxc2 32. Rxc2 Rxc2 33. Nxc2 Nc7 34. Nb4
Ke7 35. Kf1 Kd6 36. Ke2 e5 37. Nf5+ Kd7 38. dxe5 Nfe8 39. f4 Ke6 40. Nd4+ Kd7
41. Ndc6 Kc8 42. Kd3 f6 43. Kd4 fxe5+ 44. fxe5 Kd7 45. Nb8+ Ke6 46. N8xa6 Nb5+
47. Kc5 Nec7 48. Nxc7+ Nxc7 49. Kc6 d4 50. Kxc7 1-0

[Event "Challenge"]
[Site "http://www.queenalice.com/game.php?id=88580"]
[Date "2006.7.22"]
[Round "-"]
[White "sniper2ss"]
[Black "Gagarin"]
[Result "1-0"]
[WhiteElo "1769"]
[BlackElo "1561"]

1. d4 Nf6 2. e3 d5 3. c4 c6 4. Nc3 Nbd7 5. Nf3 e6 6. c5 Qc7 7. Bd3 e5 8. Bf5 e4
9. Nd2 Be7 10. O-O O-O 11. f3 b6 12. b4 g6 13. Bh3 Ba6 14. Rf2 Bd3 15. fxe4 dxe4
16. Rf4 bxc5 17. bxc5 Nh5 18. Rf2 f5 19. g4 1-0

[Event "Challenge"]
[Site "http://www.queenalice.com/game.php?id=88581"]
[Date "2006.7.22"]
[Round "-"]
[White "sniper2ss"]
[Black "Alexsandro"]
[Result "0-1"]
[WhiteElo "1787"]
[BlackElo "1735"]

1. e4 e5 2. d3 Nf6 3. f4 Nc6 4. Nf3 d5 5. fxe5 dxe4 6. exf6 exf3 7. Qxf3 Nd4 8.
Qe4+ Be6 9. Kd1 Qxf6 10. Be3 O-O-O 11. Nc3 Bb4 12. Bd2 Rhe8 13. Qf4 Qxf4 14.
Bxf4 Bg4+ 15. Kc1 Re1+ 16. Kd2 Rxa1 17. a3 Rd1+ 18. Ke3 Nf5+ 19. Ke4 Rd4+ 20.
Ke5 Bd6# 0-1

[Event "Challenge"]
[Site "http://www.queenalice.com/game.php?id=92122"]
[Date "2006.8.3"]
[Round "-"]
[White "sniper2ss"]
[Black "feio23"]
[Result "1-0"]
[WhiteElo "1723"]
[BlackElo "1019"]

1. Nf3 Nf6 2. d4 Nc6 3. e3 Nb4 4. a3 Nc6 5. Bd3 g6 6. c4 Na5 7. b4 Nc6 8. b5 Nb8
9. O-O Bh6 10. Bb2 Nh5 11. d5 Nf6 12. e4 Rf8 13. e5 Ng4 14. h3 Bc1 15. Bxc1 Nxf2
16. Rxf2 d6 17. Ng5 dxe5 18. Nxh7 Rg8 19. Ng5 Rh8 20. Nxf7 Qd7 21. Nxh8 c6 22.
Bxg6+ Kd8 23. Nf7+ Ke8 24. Nxe5+ Kd8 25. Rf8+ Kc7 26. Nxd7 Nxd7 27. Rf7 cxd5 28.
Bf4+ Kd8 29. Qxd5 e6 30. Qd6 1-0

[Event "AUTO-OPEN-249"]
[Site "http://www.queenalice.com/game.php?id=92197"]
[Date "2006.8.3"]
[Round "2"]
[White "sniper2ss"]
[Black "ragdoll"]
[Result "0-1"]
[WhiteElo "1764"]
[BlackElo "1545"]

1. d4 d5 2. e3 Nf6 3. c4 e6 4. Nf3 c5 5. Nc3 Nc6 6. cxd5 exd5 7. Be2 Be7 8. O-O
O-O 9. b3 cxd4 10. exd4 Bf5 11. Bd3 Ne4 12. Ne5 Nxc3 13. Qc2 Bxd3 14. Nxd3 Nxd4
15. Bb2 Nxc2 0-1

[Event "AUTO-OPEN-249"]
[Site "http://www.queenalice.com/game.php?id=92198"]
[Date "2006.8.3"]
[Round "2"]
[White "ragdoll"]
[Black "sniper2ss"]
[Result "1-0"]
[WhiteElo "1633"]
[BlackElo "1743"]

1. e3 d5 2. Nf3 e6 3. a3 Nf6 4. c3 Nc6 5. Bb5 Bd7 6. d4 a6 7. Bd3 Be7 8. O-O O-O
9. Nbd2 Bd6 10. e4 dxe4 11. Nxe4 Be7 12. Nxf6+ Bxf6 13. Qc2 g6 14. Bh6 Bg7 15.
Qd2 e5 16. Bxg7 Kxg7 17. d5 Na5 18. Rae1 f6 19. b4 Nb3 20. Qb2 Ba4 21. Bc4 c6
22. dxc6 Bxc6 23. Qxb3 Bxf3 24. gxf3 Qc7 25. Bd5 Rac8 26. Rc1 h5 27. c4 Qd7 28.
c5 Rcd8 29. Rfd1 Qf5 30. Bxb7 Rxd1+ 31. Rxd1 h4 32. c6 Rf7 33. Qxf7+ Kxf7 34. c7
h3 35. c8=Q Qg5+ 36. Kf1 Qg2+ 37. Ke2 1-0

[Event "AUTO-OPEN-249"]
[Site "http://www.queenalice.com/game.php?id=92199"]
[Date "2006.8.3"]
[Round "2"]
[White "sniper2ss"]
[Black "smurilo"]
[Result "0-1"]
[WhiteElo "1769"]
[BlackElo "1987"]

1. d4 d6 2. e3 g6 3. Nf3 Bg7 4. Be2 Nf6 5. O-O O-O 6. Nc3 Nbd7 7. e4 e5 8. d5
Nc5 9. Nd2 a5 10. Bf3 Nfd7 11. b3 f5 12. Ba3 Qh4 13. b4 axb4 14. Bxb4 fxe4 15.
Ndxe4 Nxe4 16. Nxe4 Nf6 17. Nxf6+ Bxf6 18. Bd2 e4 19. g3 Qh3 20. Bg2 Qf5 21. c3
Qxd5 22. Qc2 Bf5 23. Be3 Qc4 24. Rfe1 Qxc3 25. Qb3+ Qxb3 26. axb3 Rxa1 27. Rxa1
Bxa1 0-1

[Event "AUTO-OPEN-249"]
[Site "http://www.queenalice.com/game.php?id=92200"]
[Date "2006.8.3"]
[Round "2"]
[White "smurilo"]
[Black "sniper2ss"]
[Result "1-0"]
[WhiteElo "1975"]
[BlackElo "1777"]

1. c4 c5 2. Nc3 Nc6 3. Nf3 Nf6 4. g3 d6 5. Bg2 g6 6. O-O Bg7 7. d4 cxd4 8. Nxd4
Nxd4 9. Qxd4 O-O 10. Qd3 Qc7 11. Bg5 Bf5 12. e4 Be6 13. Nd5 Nxd5 14. cxd5 Bd7
15. Bxe7 Rfe8 16. Bg5 Bxb2 17. Rab1 Bg7 18. Rfc1 Qa5 19. Rxb7 Bc8 20. Rbc7 Qxa2
21. Qf3 f5 22. Rxg7+ Kxg7 23. Qc3+ Kg8 24. Bh6 Re7 25. Qf6 Rf7 26. Qd8+ 1-0

[Event "Challenge"]
[Site "http://www.queenalice.com/game.php?id=105799"]
[Date "2006.9.14"]
[Round "-"]
[White "feio23"]
[Black "sniper2ss"]
[Result "1-0"]
[WhiteElo "1152"]
[BlackElo "1756"]

1. e4 d5 2. g3 dxe4 3. d4 Nf6 4. Nc3 Nc6 5. Nf3 exf3 6. Qxf3 Nxd4 7. Bb5+ c6 8.
Qf4 Nxc2+ 9. Ke2 Nxa1 10. Rd1 Bd7 11. Be3 cxb5 12. Rxa1 g6 13. Bc5 Qc8 14. Qe5
1-0